书目信息 |
| 题名: |
依旧西窗月
|
|
| 作者: | 贺疆 著 | |
| 分册: | ||
| 出版信息: | 北京 石油工业出版社 2019 |
|
| 页数: | 234页 | |
| 开本: | 21cm | |
| 丛书名: | ||
| 单 册: | ||
| 中图分类: | J051 | |
| 科图分类: | ||
| 主题词: | 艺术--鉴赏--世界 | |
| 电子资源: | ||
| ISBN: | 978-7-5183-3369-1 | |
| 000 | 01032nam0 2200241 450 | |
| 001 | 2146765999 | |
| 005 | 20210104125934.00 | |
| 010 | @a978-7-5183-3369-1@dCNY38.00 | |
| 100 | @a20190903d2019 em y0chiy50 ea | |
| 101 | 0 | @achi |
| 102 | @aCN@b110000 | |
| 105 | @aa z 000yy | |
| 200 | 1 | @a依旧西窗月@9yi jiu xi chuang yue@b专著@e肖像背后的帝王志@f贺疆著 |
| 210 | @a北京@c石油工业出版社@d2019 | |
| 215 | @a234页@c图@d21cm | |
| 314 | @a贺疆,女,祖籍河北邢台。美术史论家、作家、艺术策展人。著有《批评的人生·批评家素描》和《对面》,策划主持《后未来主义》和《后水墨时代》等系列学术主题展。 | |
| 330 | @a本书以帝王肖像为切入点,有机地把美术史与朝代更迭史紧密结合,讲述帝王肖像背后的故事,揭示一个个时代的美术与政治的关系、国家与国家之间的关系,纵横之间,中西兼顾。独特的写作视角,添补了美术史类研究领域的空白。 | |
| 517 | 1 | @a肖像背后的帝王志@9xiao xiang bei hou de di wang zhi |
| 606 | 0 | @a艺术@x鉴赏@y世界 |
| 690 | @aJ051@v5 | |
| 701 | 0 | @a贺疆@9he jiang@4著 |
| 801 | 2 | @aCN@b58marc.cn@c20190918 |
| 905 | @aZUCC@dJ051@e11 | |
| 依旧西窗月:肖像背后的帝王志/贺疆著.-北京:石油工业出版社,2019 |
| 234页:图;21cm |
| ISBN 978-7-5183-3369-1:CNY38.00 |
| 本书以帝王肖像为切入点,有机地把美术史与朝代更迭史紧密结合,讲述帝王肖像背后的故事,揭示一个个时代的美术与政治的关系、国家与国家之间的关系,纵横之间,中西兼顾。独特的写作视角,添补了美术史类研究领域的空白。 |
| ● |
| 相关链接 |
|
|
|
正题名:依旧西窗月
索取号:J051/11
 
预约/预借
| 序号 | 登录号 | 条形码 | 馆藏地/架位号 | 状态 | 备注 |
| 1 | 2000877449 | 2000877449 | 第二书库/ [索取号:J051/11] | 在馆 | |
| 2 | 2000877450 | 2000877450 | 第二书库/ [索取号:J051/11] | 在馆 | |
| 3 | 2000877451 | 2000877451 | 第二书库/ [索取号:J051/11] | 在馆 |